000 00903nam a2200277 4500
001 13617
003 ES-MaACL
005 20250728192014.0
007 t|
008 000000s19860000sp f ||||0|bspa d
016 7 _zIBH8705215183
020 _a84-505-3090-3
040 _aIBH
_bspa
_cM-BN-DP
080 _a92 Hidalgo, Diego
080 _a32 Hidalgo, Diego
100 1 _aMuñoz Tinoco, Concha.
_984509
245 1 0 _aDiego Hidalgo : un notario republicano /
_cConcha Muñoz Tinoco.
260 _aBadajoz :
_bDepartamento de Publicaciones, Diputación Provincial,
_c1986.
300 _a148 p., 16 p. de lám. ;
_c17 cm.
490 1 _aQuién es? ;
_v1
600 1 4 _aHidalgo, Diego,
_d1886-1961
_963566
710 1 _aBadajoz (Provincia).
_bDiputación Provincial
_92081
830 0 _a¿Quién es?
_v1
_9218586
852 _aES-MaACL
_jL-21005
_bR.113576
999 _c13617
_d13617